Faust (Part two)
Guardado en:
| Autor principal: | |
|---|---|
| Formato: | Libro |
| Lenguaje: | Undetermined |
| Publicado: |
Londres, Inglaterra
Penguin Books
1976
|
| Materias: | |
| Etiquetas: |
Agregar Etiqueta
Sin Etiquetas, Sea el primero en etiquetar este registro!
|
MARC
| LEADER | 00000nam a2200000Ia 4500 | ||
|---|---|---|---|
| 008 | 170316s9999 xx 000 0 und d | ||
| 040 | |a cru BVZT | ||
| 090 | |a 830 G-4f v.2 | ||
| 100 | |a Goethe | ||
| 245 | |a Faust (Part two) | ||
| 260 | |a Londres, Inglaterra | ||
| 260 | |b Penguin Books | ||
| 260 | |c 1976 | ||
| 300 | |a 288 páginas | ||
| 650 | |a LITERATURA ALEMANA | ||
| 999 | |c 7319 |d 7319 | ||
| 942 | |c 15 D |h 830 G-4f v.2 |2 z | ||
